000 00641nam a2200217 4500
010 _a712713
035 _a712713
037 _bCen Lib / Ret
040 _aDPL
_bEN
082 _a340.03
_bAIY
100 _aAiyers
245 _aManual of law terms and phrases :
_b (as judicially expounded) /
_cby Aiyer's ; revised by M. L. Chandak
250 _a7th ed
260 _aAllahabad
_bLaw Book Co.
_c1973
270 _aSardar Patel Marg, Post Box no. 4
_bAllahabad
300 _a870p
_b24(Hb)
650 _aLaw -- India -- Dictionaries.
650 _aLaw
700 _aM. L. Chandak
942 _2ddc
_cEN
_h340.03
_mAIY
999 _c136565
_d136565